<?xml version="1.0" encoding="UTF-8"?>
<record
    xmlns:xsi="http://www.w3.org/2001/XMLSchema-instance"
    xsi:schemaLocation="http://www.loc.gov/MARC21/slim http://www.loc.gov/standards/marcxml/schema/MARC21slim.xsd"
    xmlns="http://www.loc.gov/MARC21/slim">

  <leader>00724nam a2200193Ia 4500</leader>
  <controlfield tag="005">20260429112338.0</controlfield>
  <controlfield tag="008">260429s9999||||xx |||||||||||||| ||und||</controlfield>
  <datafield tag="020" ind1=" " ind2=" ">
    <subfield code="a">9788126726264</subfield>
  </datafield>
  <datafield tag="041" ind1=" " ind2=" ">
    <subfield code="a">Hindi</subfield>
  </datafield>
  <datafield tag="082" ind1=" " ind2=" ">
    <subfield code="a">294.5922</subfield>
    <subfield code="b">MOU</subfield>
  </datafield>
  <datafield tag="100" ind1=" " ind2=" ">
    <subfield code="a">&#x92E;&#x94C;&#x92F;&#x93F;&#x932;&#x940;, &#x90F;&#x92E;. &#x935;&#x940;&#x930;&#x92A;&#x94D;&#x92A;&#x93E;&#x91A; &#x917;&#x941;&#x930;&#x941;&#x926;&#x924;&#x94D;&#x924;, &#x92A;&#x94D;&#x930;&#x927;&#x93E;&#x928; </subfield>
  </datafield>
  <datafield tag="245" ind1=" " ind2="0">
    <subfield code="a">&#x936;&#x94D;&#x930;&#x940; &#x930;&#x93E;&#x92E;&#x93E;&#x92F;&#x923; &#x92E;&#x939;&#x93E;&#x935;&#x947;&#x937;&#x94D;&#x923;&#x92E; / </subfield>
    <subfield code="c">&#x92A;&#x94D;&#x930;&#x927;&#x93E;&#x928; &#x90F;&#x92E;. &#x935;&#x940;&#x930;&#x92A;&#x94D;&#x92A;&#x93E;&#x91A; &#x917;&#x941;&#x930;&#x941;&#x926;&#x924;&#x94D;&#x924; &#x92E;&#x94C;&#x92F;&#x93F;&#x932;&#x940;</subfield>
  </datafield>
  <datafield tag="250" ind1=" " ind2=" ">
    <subfield code="a">1st ed.</subfield>
  </datafield>
  <datafield tag="260" ind1=" " ind2=" ">
    <subfield code="a">&#x928;&#x908; &#x926;&#x93F;&#x932;&#x94D;&#x932;&#x940; : </subfield>
    <subfield code="b">&#x930;&#x93E;&#x91C;&#x915;&#x92E;&#x932; &#x92A;&#x94D;&#x930;&#x915;&#x93E;&#x936;&#x928;,</subfield>
    <subfield code="c">2014.</subfield>
  </datafield>
  <datafield tag="300" ind1=" " ind2=" ">
    <subfield code="a">623 p.; hb</subfield>
  </datafield>
  <datafield tag="440" ind1=" " ind2=" ">
    <subfield code="v">Vol. 1</subfield>
  </datafield>
  <datafield tag="650" ind1=" " ind2=" ">
    <subfield code="a">Religion </subfield>
  </datafield>
  <datafield tag="942" ind1=" " ind2=" ">
    <subfield code="c">TB</subfield>
  </datafield>
  <datafield tag="999" ind1=" " ind2=" ">
    <subfield code="c">53615</subfield>
    <subfield code="d">53615</subfield>
  </datafield>
  <datafield tag="952" ind1=" " ind2=" ">
    <subfield code="0">0</subfield>
    <subfield code="1">0</subfield>
    <subfield code="4">0</subfield>
    <subfield code="7">0</subfield>
    <subfield code="8">NFIC</subfield>
    <subfield code="a">CUTN</subfield>
    <subfield code="b">CUTN</subfield>
    <subfield code="c">200</subfield>
    <subfield code="d">2026-04-29</subfield>
    <subfield code="e">Segment Book Distributors, New Delhi - Invoice No. 71458 on 09-02-2026</subfield>
    <subfield code="l">0</subfield>
    <subfield code="o">294.5922 MOU</subfield>
    <subfield code="p">58470</subfield>
    <subfield code="r">2026-04-29 11:23:38</subfield>
    <subfield code="w">2026-04-29</subfield>
    <subfield code="y">TB</subfield>
  </datafield>
</record>
